01286nam a2200337 a 4500001001200000003000800012006001900020007001500039008004100054020001800095020002700113040002100140035002100161050002400182100002000206245011900226260005000345300002200395504004100417533015200458650002200610650001800632650003700650650002300687650002900710650001800739655002900757710001700786856012600803999001900929ebr10512025CaPaEBRm u cr cn|||||||||111212s2008 sz a sb 000 0 eng d z9789221213215 z9789221213222 (e-book) aCaPaEBRcCaPaEBR a(OCoLC)76919000514aHD3656b.A53 2008eb1 aAndrees, Beate.10aForced labour and human traffickingh[electronic resource] :bhandbook for labour inspectors6 /cby Beate Andrees. aGeneva :bInternational Labour Office,c2008. aix, 61 p. :bill. aIncludes bibliographical references. aElectronic reproduction.bPalo Alto, Calif. :cebrary,d2011.nAvailable via World Wide Web.nAccess may be limited to ebrary affiliated libraries. 0aLabor inspection. 0aForced labor. 0aForced labor (International law) 0aHuman trafficking. 0aSlave tradexPrevention. 0aLabor unions. 7aElectronic books.2local2 aebrary, Inc.40uhttp://site.ebrary.com/lib/rucke/Doc?id=10512025zAn electronic book accessible through the World Wide Web; click to view c119470d119470